| 000 | 00631nam a2200217 a 4500 | ||
|---|---|---|---|
| 001 | 41962 | ||
| 003 | BD-RjUL | ||
| 005 | 20211209053457.0 | ||
| 008 | 160607s1959 enka b 000 0 eng d | ||
| 035 | _a(BD-RjUL)42080 | ||
| 040 |
_aVDU _beng _cVDU _dBD-RjUL |
||
| 041 | _aeng | ||
| 082 | 1 | 4 |
_a324.9 _219 _bELE 1959 |
| 245 | 0 | 0 |
_aElections abroad / _cD. E. Butler ... [et al.]. |
| 260 |
_aLondon : _bMacmillan, _c1959. |
||
| 300 |
_a280 p. : _bill. ; _c23 cm. |
||
| 504 | _aIncludes bibliographical references. | ||
| 650 | 0 |
_aElections _zIndonesia _vPeriodicals. _9128980 |
|
| 700 | 1 |
_aButler, David, _d1924- _9128981 |
|
| 942 |
_2ddc _cBK |
||
| 999 |
_c41962 _d41962 |
||